<?xml version="1.0" encoding="UTF-8"?>
<record
    xmlns:xsi="http://www.w3.org/2001/XMLSchema-instance"
    xsi:schemaLocation="http://www.loc.gov/MARC21/slim http://www.loc.gov/standards/marcxml/schema/MARC21slim.xsd"
    xmlns="http://www.loc.gov/MARC21/slim">

  <leader>00865nam0a2200277 i 4500</leader>
  <controlfield tag="001">RU\NLR\BIBL_A\011315381</controlfield>
  <controlfield tag="005">20240726232421.0</controlfield>
  <datafield tag="010" ind1=" " ind2=" ">
    <subfield code="a">9785904048723</subfield>
  </datafield>
  <datafield tag="021" ind1=" " ind2=" ">
    <subfield code="a">RU</subfield>
    <subfield code="b">2016-96645</subfield>
    <subfield code="9">6410</subfield>
  </datafield>
  <datafield tag="035" ind1=" " ind2=" ">
    <subfield code="a">(NLR Aleph) 011315381</subfield>
  </datafield>
  <datafield tag="090" ind1=" " ind2=" ">
    <subfield code="a">11045357</subfield>
    <subfield code="c">11045357</subfield>
  </datafield>
  <datafield tag="100" ind1=" " ind2=" ">
    <subfield code="a">20170125d2016    u  y0rusy50      ca</subfield>
  </datafield>
  <datafield tag="101" ind1="0" ind2=" ">
    <subfield code="a">rus</subfield>
  </datafield>
  <datafield tag="102" ind1=" " ind2=" ">
    <subfield code="a">RU</subfield>
  </datafield>
  <datafield tag="105" ind1=" " ind2=" ">
    <subfield code="a">y   z   000gy</subfield>
  </datafield>
  <datafield tag="200" ind1="1" ind2=" ">
    <subfield code="a">&#x422;&#x440;&#x43E;&#x43F;&#x438;&#x43D;&#x43A;&#x430; &#x43A; &#x445;&#x440;&#x430;&#x43C;&#x443;</subfield>
    <subfield code="e">[&#x441;&#x442;&#x438;&#x445;&#x438; &#x434;&#x443;&#x445;&#x43E;&#x432;&#x43D;&#x43E;&#x433;&#x43E; &#x441;&#x43E;&#x434;&#x435;&#x440;&#x436;&#x430;&#x43D;&#x438;&#x44F;]</subfield>
    <subfield code="f">&#x413;&#x435;&#x43E;&#x440;&#x433;&#x438;&#x439; &#x427;&#x430;&#x43F;&#x43B;&#x44B;&#x433;&#x438;&#x43D;</subfield>
  </datafield>
  <datafield tag="210" ind1=" " ind2=" ">
    <subfield code="a">&#x421;&#x44B;&#x437;&#x440;&#x430;&#x43D;&#x44C;</subfield>
    <subfield code="c">&#x412;&#x430;&#x448; &#x412;&#x437;&#x433;&#x43B;&#x44F;&#x434;</subfield>
    <subfield code="d">2016</subfield>
  </datafield>
  <datafield tag="215" ind1=" " ind2=" ">
    <subfield code="a">38, [1] c.</subfield>
    <subfield code="d">21</subfield>
  </datafield>
  <datafield tag="333" ind1=" " ind2=" ">
    <subfield code="a">0+</subfield>
  </datafield>
  <datafield tag="686" ind1="2" ind2=" ">
    <subfield code="a">&#x428;6(2=&#x420;)8-5</subfield>
  </datafield>
  <datafield tag="700" ind1=" " ind2="1">
    <subfield code="a">&#x427;&#x430;&#x43F;&#x43B;&#x44B;&#x433;&#x438;&#x43D;</subfield>
    <subfield code="b">&#x413;. &#x41C;.</subfield>
    <subfield code="f">1933-</subfield>
    <subfield code="g">&#x413;&#x435;&#x43E;&#x440;&#x433;&#x438;&#x439; &#x41C;&#x438;&#x445;&#x430;&#x439;&#x43B;&#x43E;&#x432;&#x438;&#x447;</subfield>
  </datafield>
  <datafield tag="942" ind1=" " ind2=" ">
    <subfield code="c">BOOK</subfield>
  </datafield>
  <datafield tag="980" ind1=" " ind2=" ">
    <subfield code="a">NBR</subfield>
  </datafield>
</record>
